000 00387nam a2200145Ia 4500
008 090124s9999 xx 000 0 und d
082 _b203558
245 _a हमारी संसद
250 _a1
260 _bकाश्यप सुभाष
_c1991
300 _a187
630 _a हमारी संसद
730 _a हमारी संसद
942 _cBOOK
999 _c185139
_d185139